| 000 | 00934cam a2200313 i 4500 | ||
|---|---|---|---|
| 001 | 1296001 | ||
| 003 | OSt | ||
| 005 | 20180116183024.0 | ||
| 008 | 761217r1976 enkaf 001 0 eng | ||
| 010 | _a 76382004 | ||
| 015 | _aGB*** | ||
| 020 |
_a0297771922 : _c£5.25 |
||
| 040 |
_aDLC _cDLC _dDLC |
||
| 043 | _ama----- | ||
| 050 | 0 | 0 |
_aHC498.9.W4 _bB58 1976 |
| 082 | 0 | 0 |
_a813.54 _219 |
| 100 | 1 | _aBlandford, Linda. | |
| 240 | 1 | 0 | _aSuper-wealth |
| 245 | 1 | 0 |
_aOil sheikhs / _cLinda Blandford. |
| 260 |
_aLondon : _bWeidenfeld and Nicolson, _cc1976. |
||
| 300 |
_ax, 286 p., [4] leaves of plates : _bill. ; _c23 cm. |
||
| 500 | _aAmerican ed. published under title: Super-wealth. | ||
| 500 | _aIncludes index. | ||
| 650 | 0 |
_aWealth _zArab countries. |
|
| 650 | 0 |
_aCapitalists and financiers _zArab countries. |
|
| 650 | 0 | _aMillionaires. | |
| 906 |
_a7 _bcbc _corignew _d3 _encip _f19 _gy-gencatlg |
||
| 942 |
_2ddc _cBK _k813.54 |
||
| 999 |
_c350725 _d350725 |
||